Statistics for Countries With the Most Neighbors

Click here to take the quiz!

General Stats

  • This quiz has been taken 33,147 times
    (33,093 since last reset)
  • The average score is 12 of 17

Answer Stats

#Country% Correct
18China
96%
19Russia
96%
13Germany
90%
14France
86%
10Brazil
79%
12DR Congo
76%
17Italy
74%
13Poland
72%
11Austria
70%
12Turkey
67%
16Iran
67%
12Serbia
64%
11Hungary
63%
14Saudi Arabia
60%
13Croatia
52%
11Bosnia & Herzegovina
45%
10Bulgaria
39%

Score Distribution

Percentile by Number Answered

Percent of People with Each Score

Your Score History

You have not taken this quiz since the last reset